Effect of submillisecond titanium ion beam on the microstructure and properties of martensitic steel; European Physical Journal Plus; Vol. 141

Xehetasun bibliografikoak
Parent link:European Physical Journal Plus.— .— New York: Springer Science+Business Media LLC.
Vol. 141.— 2026.— Article number 297, 12 p.
Egile nagusia: Korneva O. S. Olga Sergeevna
Beste egile batzuk: Ivanova A. I. Anna Ivanovna, Bozhko I. A. Irina Aleksandrovna
Gaia:Title screen
It has been shown for the first time that the impact of a repetitively pulsed titanium ion beam with a high power density on the surface of AISI 420 steel can significantly change the morphology, elemental and phase composition, microstructure and operational properties of the surface. The presence of the effect of multiple grain refinement and the formation of a fine-grained structure in the ion-modified layer of the AISI 420 steel was discovered. Modification contributed to an increase in the wear resistance up to 50 times. Research of elemental composition, surface morphology and ion-modified layer microstructures has been carried out
Текстовый файл
AM_Agreement
Hizkuntza:ingelesa
Argitaratua: 2026
Gaiak:
Sarrera elektronikoa:https://doi.org/10.1140/epjp/s13360-026-07547-2
Formatua: Baliabide elektronikoa Liburu kapitulua
KOHA link:https://koha.lib.tpu.ru/cgi-bin/koha/opac-detail.pl?biblionumber=685628

MARC

LEADER 00000naa0a2200000 4500
001 685628
005 20260325090701.0
090 |a 685628 
100 |a 20260325d2026 k||y0rusy50 ba 
101 0 |a eng 
102 |a US 
135 |a drcn ---uucaa 
181 0 |a i   |b  e  
182 0 |a b 
183 0 |a cr  |2 RDAcarrier 
200 1 |a Effect of submillisecond titanium ion beam on the microstructure and properties of martensitic steel  |f O. Korneva, A. Ivanova, I. Bozhko 
203 |a Текст  |b визуальный  |c электронный 
283 |a online_resource  |2 RDAcarrier 
300 |a Title screen 
320 |a References: 27 tit 
330 |a It has been shown for the first time that the impact of a repetitively pulsed titanium ion beam with a high power density on the surface of AISI 420 steel can significantly change the morphology, elemental and phase composition, microstructure and operational properties of the surface. The presence of the effect of multiple grain refinement and the formation of a fine-grained structure in the ion-modified layer of the AISI 420 steel was discovered. Modification contributed to an increase in the wear resistance up to 50 times. Research of elemental composition, surface morphology and ion-modified layer microstructures has been carried out 
336 |a Текстовый файл 
371 0 |a AM_Agreement 
461 1 |t European Physical Journal Plus  |c New York  |n Springer Science+Business Media LLC. 
463 1 |t Vol. 141  |v Article number 297, 12 p.  |d 2026 
610 1 |a электронный ресурс 
610 1 |a труды учёных ТПУ 
700 1 |a Korneva  |b O. S.  |c physicist  |c engineer of Tomsk Polytechnic University  |f 1988-  |g Olga Sergeevna  |9 20156 
701 1 |a Ivanova  |b A. I.  |c physicist  |c Associate Scientist of Tomsk Polytechnic University  |f 1987-  |g Anna Ivanovna  |9 20002 
701 1 |a Bozhko  |b I. A.  |c physicist  |c Associate Professor of Tomsk Polytechnic University, Candidate of physical and mathematical sciences  |f 1980-  |g Irina Aleksandrovna  |9 17740 
801 0 |a RU  |b 63413507  |c 20260325 
850 |a 63413507 
856 4 0 |u https://doi.org/10.1140/epjp/s13360-026-07547-2  |z https://doi.org/10.1140/epjp/s13360-026-07547-2 
942 |c CF